00738nam a2200229 a 450000100060000000300080000600500170001400800410003103500190007204000270009104100080011808200270012610000180015324500880017125000160025926000500027530000330032550400410035860000450039970000450044470000190048965208BD-RjUL20211209081410.0170301s1964 pk ac b 001 0 eng d a(BD-RjUL)65338 aCLAcCLAdBD-RjULbeng aeng 223a891.5511bIQL 19641 aIqbal, Afzal.14aThe life and work of Muhammad Jalal-ud-Din Rumi /cWith a foreword by A.J. Arberry. a2d rev. ed. aLahore :bInstitute of Islamic Culture,c1964 axv, 196 p. :bill. ;c22 cm. aIncludes bibliographical references.00aJalal al-Din Rumi,cMaulana,d1207-1273.0 aJalal al-Din Rumi,cMaulana,d1207-1273.0 aArberry, A. J.